[Event "MDA-ch"]
[Site "Kishinev"]
[Date "2024.02.09"]
[Round "7"]
[White "Vavric, Pavel"]
[Black "Lashkin, Jegor"]
[Result "1/2-1/2"]
[WhiteElo "2314"]
[BlackElo "2447"]
[PlyCount "20"]
[EventDate "2024.02.03"]
[EventType "swiss"]
[EventRounds "7"]
[EventCountry "MDA"]
[SourceTitle "CB07_2024"]
[SourceDate "2024.02.14"]
[SourceVersion "1"]
[SourceVersionDate "2024.02.14"]
[SourceQuality "1"]

1. e4 c5 2. Nf3 d6 3. d4 cxd4 4. Nxd4 Nf6 5. Nc3 a6 6. f4 e5 7. Nf3 Nbd7 8. a4 Qc7 9. Bd3 Be7 10. 0-0 0-0 1/2-1/2

[Event "MDA-ch"]
[Site "Kishinev"]
[Date "2024.02.04"]
[Round "2"]
[White "Vavric, Pavel"]
[Black "Eletskikh, Alexandr"]
[Result "1/2-1/2"]
[WhiteElo "2314"]
[BlackElo "2258"]
[PlyCount "104"]
[EventDate "2024.02.03"]
[EventType "swiss"]
[EventRounds "7"]
[EventCountry "MDA"]
[SourceTitle "CB07_2024"]
[SourceDate "2024.02.14"]
[SourceVersion "1"]
[SourceVersionDate "2024.02.14"]
[SourceQuality "1"]

1. e4 e5 2. Nf3 Nc6 3. Bb5 a6 4. Ba4 Bc5 5. 0-0 Nge7 6. c3 Ba7 7. d4 Ng6 8. Be3 0-0 9. Nbd2 d5 10. Bxc6 bxc6 11. Nxe5 Nxe5 12. dxe5 Bxe3 13. fxe3 Qg5 14. exd5 Qxe3+ 15. Rf2 cxd5 16. Nf3 Rb8 17. Qd4 Qxd4 18. cxd4 Bg4 19. Ne1 Rb4 20. Rf4 Be6 21. Nd3 Rc4 22. b3 Rc3 23. Nc5 a5 24. Rf3 Rc2 25. Rf2 Rc3 26. Kf1 g6 27. Ke1 Bf5 28. Kd1 f6 29. e6 Re8 30. Rc1 Rxc1+ 31. Kxc1 Bxe6 32. Rxf6 Bg4 33. h3 Kg7 34. Rc6 Be2 35. Re6 Rxe6 36. Nxe6+ Kf7 37. Nxc7 Bf1 38. g3 Bxh3 39. Nxd5 g5 40. Kd2 h5 41. Ne3 Bd7 42. Nc4 Ke6 43. Ke3 h4 44. gxh4 gxh4 45. Kf4 h3 46. Kg3 Kd5 47. Nb6+ Kxd4 48. Nxd7 Kc3 49. Nb6 Kb2 50. Nc4+ Kxa2 51. Nxa5 Ka3 52. Kxh3 Kb4 1/2-1/2

[Event "ROM-chT"]
[Site "Eforie Nord"]
[Date "2023.09.22"]
[Round "2.3"]
[White "Cioara, Andrei Nestor"]
[Black "Vavric, Pavel"]
[Result "1-0"]
[WhiteElo "2400"]
[BlackElo "2297"]
[PlyCount "79"]
[EventDate "2023.09.21"]
[EventType "team-tourn"]
[EventRounds "9"]
[EventCountry "ROU"]
[SourceTitle "EXT 2024"]
[Source "ChessBase"]
[SourceDate "2023.10.10"]
[SourceVersion "1"]
[SourceVersionDate "2023.10.10"]
[SourceQuality "1"]
[WhiteTeam "Craiova Oltenia"]
[BlackTeam "Buzau Phoenix"]
[WhiteTeamCountry "ROU"]
[BlackTeamCountry "ROU"]

1. e4 c5 2. b4 cxb4 3. a3 b3 4. c4 e5 5. Bb2 Nc6 6. Nf3 d6 7. Qxb3 Nf6 8. Nc3 Be7 9. Be2 0-0 10. d3 Nd7 11. 0-0 Nc5 12. Qd1 Re8 13. Nd5 Bf8 14. Ne1 Be6 15. Nc2 f5 16. exf5 Bxf5 17. Kh1 Rc8 18. a4 Bg6 19. f4 e4 20. f5 exd3 21. Bxd3 Nxd3 22. Qxd3 Bf7 23. Qg3 Ne5 24. Nce3 Kh8 25. Rad1 Bxd5 26. Rxd5 Qb6 27. Bd4 Qb3 28. Bxe5 Rxe5 29. Rxe5 dxe5 30. Qxe5 Qxa4 31. h3 Re8 32. Qd4 Qa3 33. f6 gxf6 34. Nf5 Qa6 35. Qd7 Qc6 36. Qf7 Qe6 37. Qxb7 Qxc4 38. Ra1 Qf4 39. Qf7 Rc8 40. Qxf6+ 1-0

[Event "Iasi Sadoveanu Memorial"]
[Site "Iasi"]
[Date "2023.08.04"]
[Round "6"]
[White "Vavric, Pavel"]
[Black "Filip, Lucian Ioan"]
[Result "1/2-1/2"]
[WhiteElo "2309"]
[BlackElo "2346"]
[PlyCount "33"]
[EventDate "2023.08.01"]
[EventType "swiss"]
[EventRounds "9"]
[EventCountry "ROU"]
[SourceTitle "CBM 215 Extra"]
[Source "ChessBase"]
[SourceDate "2023.09.30"]
[SourceVersion "1"]
[SourceVersionDate "2023.09.30"]
[SourceQuality "1"]

1. Nf3 Nf6 2. c4 c5 3. Nc3 e6 4. e3 b6 5. d4 cxd4 6. exd4 Bb7 7. Bd3 Be7 8. 0-0 d5 9. Bg5 dxc4 10. Bxc4 0-0 11. a3 Nc6 12. Ba2 h6 13. Bh4 Nh5 14. Bxe7 Nxe7 15. Qd3 Nf4 16. Qd1 Nh5 17. Re1 1/2-1/2

[Event "MDA-ch"]
[Site "Kishinev"]
[Date "2023.02.11"]
[Round "8"]
[White "Vavric, Pavel"]
[Black "Baranciuc, Alexandr"]
[Result "0-1"]
[WhiteElo "2336"]
[BlackElo "2163"]
[PlyCount "56"]
[EventDate "2023.02.04"]
[EventType "tourn"]
[EventRounds "9"]
[EventCountry "MDA"]
[EventCategory "5"]
[SourceTitle "CBM 212 Extra"]
[Source "ChessBase"]
[SourceDate "2023.03.31"]
[SourceVersion "1"]
[SourceVersionDate "2023.03.31"]
[SourceQuality "1"]

1. Nf3 d5 2. c4 d4 3. e3 Nc6 4. b4 dxe3 5. fxe3 Nxb4 6. d4 e5 7. a3 Nc6 8. Nc3 exd4 9. exd4 Bg4 10. Be2 Nf6 11. d5 Bxf3 12. Bxf3 Qe7+ 13. Kf2 Ne5 14. Re1 Nfd7 15. Ne4 0-0-0 16. Bf4 f6 17. Rb1 Qxa3 18. Rb3 Qa6 19. d6 Nxf3 20. dxc7 Nxe1 21. cxd8Q+ Kxd8 22. Qxe1 Qa2+ 23. Nd2 Bc5+ 24. Kf1 Re8 25. Qd1 Kc8 26. Rd3 Qa6 27. Rd5 Qe6 28. Nb3 Qe4 0-1

[Event "MDA-ch"]
[Site "Kishinev"]
[Date "2023.02.09"]
[Round "6"]
[White "Martinovici, Ilie"]
[Black "Vavric, Pavel"]
[Result "1-0"]
[WhiteElo "2420"]
[BlackElo "2336"]
[PlyCount "59"]
[EventDate "2023.02.04"]
[EventType "tourn"]
[EventRounds "9"]
[EventCountry "MDA"]
[EventCategory "5"]
[SourceTitle "CBM 212 Extra"]
[Source "ChessBase"]
[SourceDate "2023.03.31"]
[SourceVersion "1"]
[SourceVersionDate "2023.03.31"]
[SourceQuality "1"]

1. d4 d5 2. c4 e6 3. Nc3 c5 4. cxd5 cxd4 5. Qa4+ Bd7 6. Qxd4 exd5 7. Qxd5 Nc6 8. Nf3 Nf6 9. Qd1 Bc5 10. e3 Qe7 11. Be2 0-0-0 12. 0-0 g5 13. Qc2 g4 14. Nd4 Kb8 15. Rd1 h5 16. b4 Bd6 17. Ncb5 Nxd4 18. exd4 Bxb5 19. Bxb5 Ne4 20. Bd3 f5 21. Bxe4 fxe4 22. Be3 h4 23. b5 Rdg8 24. Rac1 Qe6 25. d5 Qe5 26. Bxa7+ Kxa7 27. b6+ Kxb6 28. Rb1+ Ka7 29. Qa4+ Kb8 30. Qd7 1-0

[Event "Satu Mare Szabo Memorial"]
[Site "Satu Mare"]
[Date "2022.08.04"]
[Round "5"]
[White "Vavric, Pavel"]
[Black "Pasti, Aron"]
[Result "0-1"]
[WhiteElo "2370"]
[BlackElo "2332"]
[PlyCount "78"]
[EventDate "2022.08.01"]
[EventType "tourn"]
[EventRounds "9"]
[EventCountry "ROU"]
[EventCategory "4"]
[SourceTitle "CBM 209 Extra"]
[Source "ChessBase"]
[SourceDate "2022.09.30"]
[SourceVersion "1"]
[SourceVersionDate "2022.09.30"]
[SourceQuality "1"]

1. e4 c5 2. Nf3 e6 3. d4 cxd4 4. Nxd4 Nc6 5. Nc3 Qc7 6. Be3 a6 7. f4 b5 8. Nb3 Bb7 9. a3 d6 10. Bd3 Nf6 11. 0-0 Rd8 12. Qe2 Be7 13. Rad1 0-0 14. g4 g6 15. g5 Nd7 16. Qf2 f6 17. Qg3 Rf7 18. f5 exf5 19. Nd5 Qc8 20. exf5 Nce5 21. fxg6 hxg6 22. Nxe7+ Rxe7 23. gxf6 Rh7 24. Bxg6 Nxg6 25. Qxg6+ Kh8 26. f7 Ne5 27. Bd4 Rf8 28. Rf4 Qh3 29. Qf6+ Rg7+ 30. Kf2 Rfxf7 31. Qxf7 Qg2+ 32. Ke1 Rxf7 33. Rxf7 Kg8 34. Rf2 Nf3+ 35. Ke2 Qg4 36. Be3 Ne5+ 37. Ke1 Bf3 38. Rd4 Qg1+ 39. Kd2 Qd1+ 0-1

[Event "Satu Mare Szabo Memorial"]
[Site "Satu Mare"]
[Date "2022.08.02"]
[Round "3"]
[White "Vavric, Pavel"]
[Black "Balla, Tamas Kristof"]
[Result "1-0"]
[WhiteElo "2370"]
[BlackElo "2333"]
[PlyCount "133"]
[EventDate "2022.08.01"]
[EventType "tourn"]
[EventRounds "9"]
[EventCountry "ROU"]
[EventCategory "4"]
[SourceTitle "CBM 209 Extra"]
[Source "ChessBase"]
[SourceDate "2022.09.30"]
[SourceVersion "1"]
[SourceVersionDate "2022.09.30"]
[SourceQuality "1"]

1. Nf3 c5 2. c4 Nc6 3. g3 g6 4. d4 cxd4 5. Nxd4 Bg7 6. Nb3 Nf6 7. Bg2 d6 8. 0-0 Be6 9. c5 d5 10. Nc3 Qd7 11. Bg5 Rd8 12. Qd2 d4 13. Nb5 a6 14. Na3 h6 15. Bxf6 Bxf6 16. Rac1 Bh3 17. Nc4 h5 18. Qf4 Bxg2 19. Kxg2 Qd5+ 20. Qf3 Qxf3+ 21. Kxf3 Kd7 22. Nba5 Kc7 23. Rfd1 Rd5 24. Nxc6 Kxc6 25. b4 Rhd8 26. a4 g5 27. h3 Rf5+ 28. Kg2 g4 29. h4 Rfd5 30. Rd3 Bg7 31. Kf1 Rf8 32. Rb3 Kc7 33. Nb6 Rf5 34. Rc2 Rd8 35. Nc4 Rfd5 36. Rd3 Rf8 37. e4 Rdd8 38. Re2 Kc6 39. Kg2 e5 40. Nd6 Bf6 41. f3 Be7 42. Nc4 gxf3+ 43. Rxf3 f6 44. Rc2 Rg8 45. Rb3 Rg4 46. b5+ axb5 47. axb5+ Kc7 48. b6+ Kd7 49. Na5 Rxe4 50. c6+ bxc6 51. Nxc6 Re2+ 52. Rxe2 Kxc6 53. Rc2+ Kd5 54. b7 Rb8 55. Rc8 Bd6 56. Rb6 Ke4 57. Rxd6 Rxb7 58. Rxf6 d3 59. Rd8 Rb3 60. Rf1 Rb2+ 61. Rf2 Rb3 62. g4 hxg4 63. h5 d2 64. Rdxd2 Rh3 65. Rde2+ Kd4 66. Rf5 e4 67. Re1 1-0

[Event "Omelnyk Grokhotov Memorial 10th"]
[Site "Omelnyk"]
[Date "2022.01.06"]
[Round "8"]
[White "Vavric, Pavel"]
[Black "Solovchuk, Alexey"]
[Result "1-0"]
[WhiteElo "2361"]
[BlackElo "2302"]
[PlyCount "41"]
[EventDate "2022.01.03"]
[EventType "tourn"]
[EventRounds "9"]
[EventCountry "UKR"]
[EventCategory "1"]
[SourceTitle "EXT 2023"]
[Source "ChessBase"]
[SourceDate "2022.10.05"]
[SourceVersion "1"]
[SourceVersionDate "2022.10.05"]
[SourceQuality "1"]

1. e4 c5 2. Nf3 d6 3. Bb5+ Nd7 4. c3 Ngf6 5. Qe2 a6 6. Ba4 b5 7. Bc2 e5 8. 0-0 Be7 9. d4 0-0 10. a4 Rb8 11. Na3 b4 12. Nc4 Qc7 13. d5 Nb6 14. Nfd2 Nxc4 15. Nxc4 Nd7 16. a5 Rd8 17. g3 bxc3 18. bxc3 Bf6 19. Be3 Nf8 20. Bd3 Bh3 21. Rfc1 1-0

[Event "ROM-chT div-A"]
[Site "Mamaia"]
[Date "2019.09.25"]
[Round "5.4"]
[White "Lupulescu, Constantin"]
[Black "Vavric, Pavel"]
[Result "1-0"]
[WhiteElo "2643"]
[BlackElo "2367"]
[PlyCount "67"]
[EventDate "2019.09.21"]
[EventType "team-tourn"]
[EventRounds "9"]
[EventCountry "ROU"]
[SourceTitle "EXT 2020"]
[Source "ChessBase"]
[SourceDate "2019.10.17"]
[SourceVersion "1"]
[SourceVersionDate "2019.10.17"]
[SourceQuality "1"]
[WhiteTeam "Ghiroda Si Giarmata VII"]
[BlackTeam "Buzau Phoenix"]
[WhiteTeamCountry "ROU"]
[BlackTeamCountry "ROU"]

1. e4 c6 2. Nf3 d5 3. Nc3 Bg4 4. h3 Bxf3 5. Qxf3 Nf6 6. g3 e6 7. Bg2 d4 8. Nb1 Nbd7 9. d3 Bd6 10. Qe2 h5 11. h4 Qc7 12. Nd2 0-0-0 13. a3 Nb6 14. Bh3 Kb8 15. Nf3 e5 16. c3 Ng4 17. 0-0 f6 18. cxd4 exd4 19. Nxd4 Qf7 20. Nf5 Bc7 21. Kg2 g6 22. Bxg4 hxg4 23. Nh6 Qg7 24. Nxg4 f5 25. Nh2 f4 26. Nf3 Qd7 27. Ng5 Rdg8 28. Rh1 Rh5 29. Qf3 Na4 30. Bxf4 Ka8 31. b4 Nc3 32. d4 Nb5 33. Rad1 Nxd4 34. Rxd4 1-0

[Event "ROM-chT div-A"]
[Site "Mamaia"]
[Date "2019.09.24"]
[Round "4.3"]
[White "Vavric, Pavel"]
[Black "Posedaru, Bogdan Stefan"]
[Result "1/2-1/2"]
[WhiteElo "2367"]
[BlackElo "2314"]
[PlyCount "42"]
[EventDate "2019.09.21"]
[EventType "team-tourn"]
[EventRounds "9"]
[EventCountry "ROU"]
[SourceTitle "EXT 2020"]
[Source "ChessBase"]
[SourceDate "2019.10.17"]
[SourceVersion "1"]
[SourceVersionDate "2019.10.17"]
[SourceQuality "1"]
[WhiteTeam "Buzau Phoenix"]
[BlackTeam "Buzau Gloria"]
[WhiteTeamCountry "ROU"]
[BlackTeamCountry "ROU"]

1. d4 d5 2. c4 c6 3. Nc3 Nf6 4. Nf3 e6 5. e3 a6 6. Bd3 dxc4 7. Bxc4 b5 8. Bb3 c5 9. 0-0 Bb7 10. Qe2 Nbd7 11. Rd1 Qc7 12. Bd2 Bd6 13. Rac1 c4 14. Bc2 0-0 15. e4 e5 16. Bg5 exd4 17. Rxd4 Rfe8 18. Qd1 Bc5 19. Rd2 Rad8 20. Nd5 Bxd5 21. exd5 Qb6 1/2-1/2

[Event "ROM-chT div-A"]
[Site "Mamaia"]
[Date "2019.09.23"]
[Round "3.3"]
[White "Dumitru, Victor Iulian"]
[Black "Vavric, Pavel"]
[Result "0-1"]
[WhiteElo "2088"]
[BlackElo "2367"]
[PlyCount "80"]
[EventDate "2019.09.21"]
[EventType "team-tourn"]
[EventRounds "9"]
[EventCountry "ROU"]
[SourceTitle "EXT 2020"]
[Source "ChessBase"]
[SourceDate "2019.10.17"]
[SourceVersion "1"]
[SourceVersionDate "2019.10.17"]
[SourceQuality "1"]
[WhiteTeam "Ineu"]
[BlackTeam "Buzau Phoenix"]
[WhiteTeamCountry "ROU"]
[BlackTeamCountry "ROU"]

1. e4 c6 2. d4 d5 3. Nd2 dxe4 4. Nxe4 Nf6 5. Nxf6+ gxf6 6. Bc4 Bf5 7. Be3 Nd7 8. Ne2 Nb6 9. Bd3 Qd7 10. Ng3 Bg6 11. Qe2 0-0-0 12. Bxg6 hxg6 13. 0-0 f5 14. c4 Rh4 15. f4 Bg7 16. Rad1 e6 17. b3 Qc7 18. Qf2 Rhh8 19. a4 Kb8 20. Ne2 Rd7 21. Rd2 Rhd8 22. Rfd1 Nc8 23. Nc3 Qa5 24. Rd3 a6 25. c5 Ne7 26. Qb2 Nd5 27. Nxd5 Rxd5 28. Qa3 Bxd4 29. Bxd4 Rxd4 30. b4 Rxd3 31. bxa5 Rxd1+ 32. Kf2 R8d2+ 33. Ke3 Rxg2 34. Qc3 Rxh2 35. Qe5+ Kc8 36. Qg7 Rd7 37. Qf8+ Kc7 38. Qa8 Rhd2 39. Qb8+ Kxb8 40. Kf3 R7d3# 0-1

[Event "Odessa Region-ch"]
[Site "Odessa"]
[Date "2019.06.25"]
[Round "11"]
[White "Golubev, Mikhail"]
[Black "Vavric, Pavel"]
[Result "1/2-1/2"]
[WhiteElo "2483"]
[BlackElo "2348"]
[PlyCount "120"]
[EventDate "2019.06.15"]
[EventType "tourn"]
[EventRounds "11"]
[EventCountry "UKR"]
[EventCategory "7"]
[SourceTitle "CBM 191 Extra"]
[Source "ChessBase"]
[SourceDate "2019.09.30"]
[SourceVersion "1"]
[SourceVersionDate "2019.09.30"]
[SourceQuality "1"]

1. e4 c6 2. d4 d5 3. Nc3 dxe4 4. Nxe4 Bf5 5. Ng3 Bg6 6. Nh3 Nf6 7. c3 e6 8. Nf4 Bd6 9. h4 Bxf4 10. Bxf4 h6 11. h5 Bh7 12. Be2 0-0 13. 0-0 Nbd7 14. c4 Re8 15. Qb3 Qb6 16. Qc3 a5 17. Rad1 a4 18. Rfe1 Qa5 19. Qxa5 Rxa5 20. Bc7 Ra7 21. Bd6 Rc8 22. Bf3 Nb6 23. Rc1 Raa8 24. Re3 Ne8 25. Bf4 Rd8 26. Ne2 Nc8 27. d5 cxd5 28. cxd5 exd5 29. Bxd5 Ncd6 30. Bf3 Nf6 31. Bxd6 Rxd6 32. Re7 Bf5 33. Rxb7 Be6 34. Nf4 Bxa2 35. Ra1 Be6 36. Nxe6 Rxe6 37. Rb4 Ra5 38. Raxa4 Re1+ 39. Kh2 Rc5 40. Ra8+ Kh7 41. Ra7 Rf5 42. Rbb7 Nxh5 43. Rxf7 Rxf7 44. Rxf7 Nf6 45. b4 Kg6 46. Rc7 Rb1 47. Rc4 Rb2 48. Kg3 Kf5 49. Rc5+ Ke6 50. b5 Rb3 51. Rc6+ Kd7 52. Ra6 Kc7 53. Ra7+ Kd6 54. Rb7 g5 55. Kh2 h5 56. Be2 Rb2 57. Rf7 Ke5 58. Re7+ Kd6 59. Rf7 Ke5 60. Re7+ Kd6 1/2-1/2

[Event "Odessa Region-ch"]
[Site "Odessa"]
[Date "2019.06.15"]
[Round "1"]
[White "Vavric, Pavel"]
[Black "Vedmediuc, Serghei"]
[Result "1/2-1/2"]
[WhiteElo "2348"]
[BlackElo "2464"]
[PlyCount "31"]
[EventDate "2019.06.15"]
[EventType "tourn"]
[EventRounds "11"]
[EventCountry "UKR"]
[EventCategory "7"]
[SourceTitle "CBM 191 Extra"]
[Source "ChessBase"]
[SourceDate "2019.09.30"]
[SourceVersion "1"]
[SourceVersionDate "2019.09.30"]
[SourceQuality "1"]

1. e4 e5 2. Nf3 Nc6 3. Bb5 a6 4. Ba4 b5 5. Bb3 Be7 6. 0-0 Nf6 7. Re1 0-0 8. h3 d6 9. c3 Re8 10. Ng5 Rf8 11. Nf3 Bb7 12. d4 Re8 13. Ng5 Rf8 14. Nf3 Re8 15. Ng5 Rf8 16. Nf3 1/2-1/2

[Event "MDA-ch"]
[Site "Kishinev"]
[Date "2019.02.05"]
[Round "7"]
[White "Macovei, Andrei"]
[Black "Vavric, Pavel"]
[Result "1/2-1/2"]
[WhiteElo "2425"]
[BlackElo "2345"]
[PlyCount "95"]
[EventDate "2019.01.30"]
[EventType "tourn"]
[EventRounds "9"]
[EventCountry "MDA"]
[EventCategory "6"]
[SourceTitle "CBM 188 Extra"]
[Source "ChessBase"]
[SourceDate "2019.02.26"]
[SourceVersion "1"]
[SourceVersionDate "2019.02.26"]
[SourceQuality "1"]

1. e4 d6 2. d4 Nf6 3. Bd3 g6 4. Nf3 Bg7 5. 0-0 0-0 6. c3 c5 7. h3 d5 8. e5 Ne4 9. Qc2 cxd4 10. cxd4 Nc6 11. a3 Bf5 12. Nc3 Rc8 13. Re1 Qd7 14. Bf4 Nxc3 15. bxc3 Na5 16. Bxf5 Qxf5 17. Qxf5 gxf5 18. e6 Nb3 19. Rad1 Rxc3 20. exf7+ Rxf7 21. Ng5 Bxd4 22. Ne6 Bb6 23. Rxd5 Nc5 24. Be3 Nxe6 25. Bxb6 Nf4 26. Rd8+ Rf8 27. Rxf8+ Kxf8 28. Bxa7 Kf7 29. a4 Rc1 30. Rxc1 Ne2+ 31. Kf1 Nxc1 32. Bc5 e5 33. Ba3 Nd3 34. Ke2 Nf4+ 35. Kf3 Nd5 36. g3 e4+ 37. Ke2 Ke6 38. Bb2 f4 39. f3 fxg3 40. fxe4 Nf4+ 41. Kf3 g2 42. Bd4 Nxh3 43. Kxg2 Ng5 44. e5 Kf5 45. Kg3 Ne6 46. Bb6 Nf8 47. Kh4 Nd7 48. Bc7 1/2-1/2

[Event "MDA-ch"]
[Site "Kishinev"]
[Date "2019.02.02"]
[Round "4"]
[White "Vavric, Pavel"]
[Black "Pavlenko, Bogdan"]
[Result "1/2-1/2"]
[WhiteElo "2345"]
[BlackElo "2182"]
[PlyCount "83"]
[EventDate "2019.01.30"]
[EventType "tourn"]
[EventRounds "9"]
[EventCountry "MDA"]
[EventCategory "6"]
[SourceTitle "CBM 188 Extra"]
[Source "ChessBase"]
[SourceDate "2019.02.26"]
[SourceVersion "1"]
[SourceVersionDate "2019.02.26"]
[SourceQuality "1"]

1. e4 e5 2. Nf3 Nf6 3. Nxe5 d6 4. Nf3 Nxe4 5. d4 d5 6. Bd3 Nc6 7. 0-0 Bg4 8. c4 Nf6 9. Nc3 Be7 10. h3 Bxf3 11. Qxf3 Nxd4 12. Qg3 dxc4 13. Bxc4 0-0 14. Rd1 Kh8 15. Be3 c5 16. Nb5 Qc8 17. Bxd4 cxd4 18. Rac1 Qc5 19. Qb3 Rac8 20. Rc2 Rfd8 21. Bd3 Qd5 22. Rxc8 Rxc8 23. Qxd5 Nxd5 24. Nxd4 g6 25. Nf3 Nf6 26. Ne5 Kg7 27. Bc4 Bc5 28. Kf1 Rc7 29. g4 g5 30. Bb3 Re7 31. Nf3 h6 32. Ne1 Rd7 33. Nd3 Bb6 34. Ke2 Ne4 35. Kf3 Nc5 36. Ne5 Rxd1 37. Bxd1 Bc7 38. b4 Bxe5 39. bxc5 Bd4 40. Ke4 Bxc5 41. f4 Bd6 42. f5 1/2-1/2

[Event "MDA-ch"]
[Site "Kishinev"]
[Date "2019.01.31"]
[Round "2"]
[White "Vavric, Pavel"]
[Black "Hamitevici, Vladimir"]
[Result "0-1"]
[WhiteElo "2345"]
[BlackElo "2490"]
[PlyCount "74"]
[EventDate "2019.01.30"]
[EventType "tourn"]
[EventRounds "9"]
[EventCountry "MDA"]
[EventCategory "6"]
[SourceTitle "CBM 188 Extra"]
[Source "ChessBase"]
[SourceDate "2019.02.26"]
[SourceVersion "1"]
[SourceVersionDate "2019.02.26"]
[SourceQuality "1"]

1. d4 Nf6 2. Nf3 b5 3. e3 a6 4. a4 b4 5. c4 bxc3 6. bxc3 e6 7. Bd3 d5 8. 0-0 c5 9. c4 cxd4 10. Nxd4 e5 11. Ne2 Bd6 12. Ng3 e4 13. Be2 h5 14. f4 Bc5 15. cxd5 h4 16. Nh5 Nxh5 17. Bxh5 Qb6 18. a5 Bxe3+ 19. Kh1 Qd4 20. Bxe3 Qxa1 21. Bd4 Qxa5 22. Bxg7 Rh7 23. Bc3 Qa2 24. f5 h3 25. gxh3 Bb7 26. Qg4 Nd7 27. Qg8+ Nf8 28. Bb4 0-0-0 29. Rc1+ Kb8 30. Bxf8 Bxd5 31. Qg3+ Ka8 32. Nc3 Qb2 33. Rb1 Qc2 34. Be7 Rc8 35. Qd6 Bb7 36. Qb4 Rc7 37. Nd5 Rxh5 0-1

[Event "MDA-ch"]
[Site "Kishinev"]
[Date "2019.01.30"]
[Round "1"]
[White "Vavric, Pavel"]
[Black "Morozov, Nichita"]
[Result "0-1"]
[WhiteElo "2345"]
[BlackElo "2437"]
[PlyCount "54"]
[EventDate "2019.01.30"]
[EventType "tourn"]
[EventRounds "9"]
[EventCountry "MDA"]
[EventCategory "6"]
[SourceTitle "CBM 188 Extra"]
[Source "ChessBase"]
[SourceDate "2019.02.26"]
[SourceVersion "1"]
[SourceVersionDate "2019.02.26"]
[SourceQuality "1"]

1. d4 Nf6 2. c4 e6 3. Nf3 c5 4. g3 cxd4 5. Nxd4 d5 6. Bg2 e5 7. Nf3 d4 8. 0-0 Nc6 9. e3 Be7 10. exd4 exd4 11. Nbd2 Be6 12. b3 0-0 13. Bb2 Qd7 14. Re1 Rad8 15. Ne5 Nxe5 16. Rxe5 d3 17. Qf3 b6 18. Rae1 Rfe8 19. Rg5 h6 20. Rge5 Bb4 21. Qd1 Ng4 22. R5e4 Bc5 23. Rf4 Bf5 24. Be4 Bxe4 25. Nxe4 f5 26. Bc3 Rxe4 27. Rexe4 Nxf2 0-1

[Event "ROM-chT"]
[Site "Sovata"]
[Date "2018.11.29"]
[Round "6.5"]
[White "Deac, Bogdan Daniel"]
[Black "Vavric, Pavel"]
[Result "1-0"]
[WhiteElo "2598"]
[BlackElo "2351"]
[PlyCount "81"]
[EventDate "2018.11.24"]
[EventType "team-tourn"]
[EventRounds "9"]
[EventCountry "ROU"]
[SourceTitle "CBM 187 Extra"]
[Source "ChessBase"]
[SourceDate "2018.11.04"]
[SourceVersion "1"]
[SourceVersionDate "2018.11.04"]
[SourceQuality "1"]
[WhiteTeam "Iasi Politehnica"]
[BlackTeam "Buzau Phoenix"]
[WhiteTeamCountry "ROU"]
[BlackTeamCountry "ROU"]

1. d4 Nf6 2. c4 e6 3. g3 d5 4. Bg2 dxc4 5. Qa4+ Bd7 6. Qxc4 Bc6 7. Nf3 Bd5 8. Qd3 Be4 9. Qd1 c5 10. Nc3 Bc6 11. 0-0 Be7 12. dxc5 Qxd1 13. Rxd1 Bxc5 14. a3 a5 15. Ne5 Bxg2 16. Kxg2 Nbd7 17. Nd3 Ke7 18. e4 Rhd8 19. Bf4 Rac8 20. Nb5 Ne8 21. Bd2 Bb6 22. b4 Ra8 23. Be1 f6 24. Rac1 Nb8 25. Nb2 Rxd1 26. Rxd1 Bd8 27. Nc4 a4 28. Ncd6 Nxd6 29. Nxd6 b6 30. b5 Nd7 31. Bb4 Nc5 32. Nb7 Rc8 33. f4 e5 34. fxe5 Bc7 35. exf6+ gxf6 36. Nxc5 bxc5 37. Bxc5+ Ke6 38. Rd5 Be5 39. Kf3 h5 40. b6 Rg8 41. Bd4 1-0

[Event "ROM-chT"]
[Site "Sovata"]
[Date "2018.11.24"]
[Round "1.4"]
[White "Vavric, Pavel"]
[Black "Erdos, Viktor"]
[Result "0-1"]
[WhiteElo "2351"]
[BlackElo "2604"]
[PlyCount "66"]
[EventDate "2018.11.24"]
[EventType "team-tourn"]
[EventRounds "9"]
[EventCountry "ROU"]
[SourceTitle "CBM 187 Extra"]
[Source "ChessBase"]
[SourceDate "2018.11.04"]
[SourceVersion "1"]
[SourceVersionDate "2018.11.04"]
[SourceQuality "1"]
[WhiteTeam "Buzau Phoenix"]
[BlackTeam "Baia Mare Municipiului"]
[WhiteTeamCountry "ROU"]
[BlackTeamCountry "ROU"]

1. e4 e5 2. Nf3 Nc6 3. Bb5 a6 4. Ba4 Nf6 5. 0-0 b5 6. Bb3 Bc5 7. c3 d6 8. d4 Bb6 9. a4 Rb8 10. a5 Ba7 11. Be3 Bg4 12. dxe5 Bxf3 13. Qxf3 Nxe5 14. Qe2 Bxe3 15. Qxe3 0-0 16. Nd2 Re8 17. Rfe1 c5 18. f4 Nc6 19. Bc2 Nxa5 20. Qh3 g6 21. Nf3 Nh5 22. f5 Nc4 23. g4 Nf6 24. Rxa6 Ra8 25. Rxa8 Qxa8 26. Qh4 Qd8 27. Bb3 Nxb2 28. e5 dxe5 29. fxg6 hxg6 30. g5 Nh5 31. Nxe5 c4 32. Bc2 Qd2 33. Qf2 Qxg5+ 0-1

[Event "Agneaux St Lo op 20th"]
[Site "Agneaux"]
[Date "2018.07.14"]
[Round "9"]
[White "Dgebuadze, Alexandre"]
[Black "Vavric, Pavel"]
[Result "1/2-1/2"]
[WhiteElo "2519"]
[BlackElo "2369"]
[PlyCount "92"]
[EventDate "2018.07.07"]
[EventType "swiss"]
[EventRounds "9"]
[EventCountry "FRA"]
[SourceTitle "CBM 185 Extra"]
[Source "ChessBase"]
[SourceDate "2018.07.29"]
[SourceVersion "1"]
[SourceVersionDate "2018.07.29"]
[SourceQuality "1"]

1. e4 c5 2. Nf3 g6 3. c4 Nc6 4. d4 cxd4 5. Nxd4 Nf6 6. Nc3 Nxd4 7. Qxd4 d6 8. Be2 Bg7 9. Be3 0-0 10. Qd2 Be6 11. f3 a5 12. 0-0 a4 13. Rab1 Qa5 14. Rfc1 Rfc8 15. b3 axb3 16. axb3 Qb4 17. Rc2 Nd7 18. Nd5 Qxd2 19. Rxd2 Kf8 20. Nf4 Ra3 21. Nxe6+ fxe6 22. f4 Nc5 23. Bxc5 Rxc5 24. b4 Rc8 25. e5 dxe5 26. fxe5 Bxe5 27. c5 b6 28. cxb6 Rb8 29. b5 Rxb6 30. g3 Ra1 31. Rxa1 Bxa1 32. Rd8+ Kg7 33. Bc4 h5 34. Kg2 Rb7 35. Ra8 Bd4 36. Ra6 e5 37. Kf3 Rb6 38. Rxb6 Bxb6 39. h4 Kf6 40. Bd5 e6 41. Bc6 g5 42. hxg5+ Kxg5 43. Be4 Bc5 44. Bc6 Bb6 45. Be4 Bc5 46. Bc6 Bb6 1/2-1/2